000 00565nam a2200229Ia 4500
003 OSt
005 20221005115127.0
006 a|||||r|||| 00| 0
007 ta
008 221004b |||||||| |||| 00| 0 eng d
024 _a50519
037 _cTextual
040 _aCRL
_cCRL
_beng
041 _2eng
_aeng
082 _aQ1:22, 113D0
100 _aLobbecke Rudolf
_9627154
245 0 _aBrahmanas und Srautasutren
260 _c1900
650 _aRELIGION
942 _hQ1:22, 113D0
_cTEXL
_2cc
999 _c1033487
_d1033487